Property authorised investment funds (Record no. 107320)

MARC details
000 -LEADER
fixed length control field 01064cam a22002055a 4500
001 - CONTROL NUMBER
control field L139633
008 - FIXED-LENGTH DATA ELEMENTS--GENERAL INFORMATION
fixed length control field 070801e20070321xxk f f000 0 eng d
035 ## - SYSTEM CONTROL NUMBER
System control number (Sirsi) u139633
041 0# - LANGUAGE CODE
Language code of text/sound track or separate title eng
050 04 - LIBRARY OF CONGRESS CALL NUMBER
Classification number 332.6324 $2 18
110 1# - MAIN ENTRY--CORPORATE NAME
Corporate name or jurisdiction name as entry element United Kingdom
Subordinate unit HM Treasury
245 00 - TITLE STATEMENT
Title Property authorised investment funds
Medium [electronic resource]
260 ## - PUBLICATION, DISTRIBUTION, ETC.
Place of publication, distribution, etc. London
Name of publisher, distributor, etc. HM Treasury
Date of publication, distribution, etc. 2007
520 ## - SUMMARY, ETC.
Summary, etc. Describes the current state of the government's consideration of the taxation of Property Authorised Investment Funds (PAIFs). Based on the discussions and findings of the government's discussions with its appointed Working Group, this document announces a possible framework for consideration. It is intended to be used to allow discussions to move forward.
590 ## - LOCAL NOTE (RLIN)
Local note KA
651 #4 - SUBJECT ADDED ENTRY--GEOGRAPHIC NAME
Geographic name United Kingdom
Chronological subdivision
690 ## - LOCAL SUBJECT ADDED ENTRY--TOPICAL TERM (OCLC, RLIN)
Topical term or geographic name as entry element PROPERTY-COMMERCIAL PROPERTY-COMMERCIAL PROPERTY FINANCE AND INVESTMENT
856 40 - ELECTRONIC LOCATION AND ACCESS
Uniform Resource Identifier <a href="https://www.hm-treasury.gov.uk/budget/budget_07/documents/bud_bud07_property.cfm">https://www.hm-treasury.gov.uk/budget/budget_07/documents/bud_bud07_property.cfm</a>
Public note View the item free of charge at www.hm-treasury.gov.uk...
942 ## - ADDED ENTRY ELEMENTS (KOHA)
Suppress in OPAC 0
Holdings
Withdrawn status Lost status Source of classification or shelving scheme Damaged status Not for loan Home library Current library Shelving location Date acquired Total Checkouts Full call number Barcode Date last seen Copy number Price effective from Koha item type
    Dewey Decimal Classification     Virtual Virtual Online 01/08/2007   ONLINE PUBLICATION 139633-1001 06/08/2019 1 06/08/2019 Book